| 000 | 00579nam a2200205 4500 | ||
|---|---|---|---|
| 001 | 110266 | ||
| 003 | ES-MaACL | ||
| 007 | t| | ||
| 008 | 061121s1985 sp r ||||1| spa d | ||
| 020 | _a84-323-0515-4 | ||
| 245 | 0 | 0 |
_aOctubre 1934 _b: cincuenta años para la reflexión / _cG. Jackson [et. al.]. |
| 250 | _a1ª. ed. | ||
| 260 |
_aMadrid : _bSiglo Veintiuno de España, _c1985. |
||
| 300 |
_a344 p. ; _c21 cm. |
||
| 490 | 1 | _aHistoria | |
| 700 | 1 |
_aJackson, G. _965808 |
|
| 830 | 0 |
_aHistoria _9177536 |
|
| 852 |
_aES-MaACL _jL-9118 _bR.109146 |
||
| 999 |
_c110266 _d110266 |
||